Language Quiz

Random Language or State Quiz

4-Letter Words from State Abbreviations Quiz Stats

 Plays Quiz Updated Aug 12, 2014

Challenge
Share
Tweet
Score 0/186 Timer 15:00
5 Plays Today
Word % Correct
CONE
78.4%
PANE
69.9%
WAND
60.5%
WANE
59.7%
WINE
56.8%
RIND
56.7%
CAME
54.2%
MADE
54.1%
DEAL
53.9%
LAME
53.6%
COME
52.8%
LAND
52.5%
HIND
51.8%
ALMS
51.6%
MANE
51.6%
CANE
51.3%
CODE
50.8%
MAIL
50.7%
MEND
49.6%
COIN
49.6%
PAIN
49.6%
COAL
49%
PAIL
48.1%
PAND
47.7%
MAIN
47.4%
VAIN
46.5%
MANY
46%
CADE
45.8%
MEAL
45.7%
COMA
45.6%
LANE
45.3%
MIND
44.9%
LADE
44.7%
COIL
44.5%
GAIN
44.5%
CAMS
43.4%
COMS
43.4%
WIND
42.3%
VANE
42.2%
MINE
42.1%
GAME
41.8%
MAID
39.3%
CONY
38.1%
COLA
37.8%
ARMS
37.3%
PAID
37.2%
LAIN
36.9%
HIDE
36.6%
COND
36.5%
WADE
36.2%
PAMS
36%
CAIN
35.3%
LAID
35.1%
VAIL
34.9%
MAND
34.6%
COOK
34.2%
GAMS
34.2%
WAIL
34.2%
DEAR
33.8%
GANE
33.5%
ARID
33.2%
FLAK
33%
Word % Correct
LAMS
32.8%
WAIN
32.3%
ARKS
32.2%
MAMS
32.2%
MODE
31.9%
RIDE
31.8%
RIMS
31.5%
RINE
31.1%
RIME
30.8%
PACT
30%
COKY
29.6%
ALMA
29.5%
ALCO
29.4%
MIME
29.4%
COCA
29.2%
MOMS
28.1%
LAVA
27.7%
ALKY
27.6%
CANY
27.2%
MAMA
26.7%
MEIN
26.5%
DENY
26.2%
GALA
26%
SCAR
25.9%
HIMS
25.5%
ALME
25.2%
WIDE
25.1%
COCO
24.6%
CAKY
24.5%
DEMO
24%
ALAR
23.9%
DECO
23.3%
CAMO
22.1%
DENE
22%
DEME
21.7%
ALGA
21.3%
MONY
21.3%
AKIN
21.1%
LAMA
21%
NEAR
20.9%
FLOR
20.9%
INKS
20.8%
MICA
20.8%
MENE
20.5%
MEME
19.6%
MEMS
19.3%
MOOR
18.8%
MOME
18.8%
CAPA
18.6%
MOIL
18.5%
PAPA
18.4%
MALA
18.2%
GADE
18.2%
ORCA
17.9%
LAKY
17.8%
DEWY
17.8%
ARCO
17.4%
CAID
17.2%
WINY
17.1%
RIAL
17%
MAKS
17%
GAMA
16.9%
Word % Correct
ARIL
16.8%
NEAL
16.8%
WAME
16.7%
MEGA
16.6%
CACA
16.5%
CAMA
16.3%
CAVA
16.1%
PACO
16%
WANY
15.9%
VADE
15.8%
GAGA
15.7%
MOOK
15.7%
MELA
15.5%
ARIA
15.4%
ORAL
15.4%
SCUT
15.3%
WAID
15.2%
MINY
15.1%
MEMO
15.1%
DEIL
14.6%
PACA
14.1%
INKY
14%
COWY
13.5%
ILKS
13.1%
MOLA
12.5%
DEVA
11.8%
GAID
11.8%
ARPA
11.3%
WAWA
11.3%
DEID
10.9%
NENE
10%
HILA
9.9%
MOMI
9.4%
RIMA
9%
MICO
8.5%
ARAK
8.4%
ARAR
8.1%
RIVA
7.9%
MAUT
7.2%
LARI
6.8%
GARI
6.8%
OHMS
6.5%
MERI
6.2%
MAAR
6.2%
PAAL
6.2%
NEKS
5.8%
PAWA
5.7%
NEMA
5.7%
ILIA
5.4%
MOWA
4.3%
MIRI
4.2%
WYND
3.7%
MIHI
3.2%
VAUT
3.1%
KYNE
2.3%
INIA
2.2%
NEMN
1.9%
KYND
1.6%
KYAK
1.4%
OHIA
1.1%
KYAR
1%
KSAR
0.5%

You're not logged in!

Compare scores with friends on all Sporcle quizzes.
OR
Log In

You Might Also Like...

Show Comments

Extras

Top Quizzes Today


Score Distribution

Your Account Isn't Verified!

In order to create a playlist on Sporcle, you need to verify the email address you used during registration. Go to your Sporcle Settings to finish the process.

Report this User

Report this user for behavior that violates our Community Guidelines.

Details: